| 000 | 00834cam a2200229 4500 | ||
|---|---|---|---|
| 001 | WB3610-25 | ||
| 008 | 000000n2000 000 0 eng u | ||
| 035 | _a(Sirsi) u104680 | ||
| 245 | _aCut out estate agents | ||
| 260 | _c2000 | ||
| 490 |
_aTimes _v8 March 2000, 6(1) |
||
| 520 | _aFollowing the launch of a new internet service for homebuying and selling, www.easier.co.uk, this article looks at the pros and cons of using such sites and dispensing with the services of an estate agent. | ||
| 590 | _aWB | ||
| 650 | _aINTERNET | ||
| 650 | _aPROPERTY-RESIDENTIAL PROPERTY-ACQUISITION AND DISPOSAL OF RESIDENTIAL PROPERTY | ||
| 650 | _aESTATE AGENTS | ||
| 650 | _aADVANTAGES | ||
| 650 | _aHOUSE PURCHASE | ||
| 650 | _aDISADVANTAGES | ||
| 690 | _aPROPERTY-RESIDENTIAL PROPERTY-RESIDENTIAL PROPERTY MARKET | ||
| 942 | _n0 | ||
| 999 |
_c62808 _d62808 |
||